00347nam a22000977a 4500003000400000008004100004245006600045250008300111260002800194650002700222OSt201203b ||||| |||| 00| 0 eng d aIndian Journal of Engineering and Materials Sciences (IJEMS)  a2016(Apr-Jun Vol.23 No.2-3, Aug Vol.23 No.4, Oct Vol.23 No.5, Dec Vol.23 No.6) aNew DelhibCSIR-NISCAIR aMechanical Engineering